Friend or Foe Quiz Stats

 Plays Quiz Updated May 2, 2015

Challenge
Share
Tweet
Embed
Score 0/20 Timer 04:00
2 Plays Today
Type '1' for Friend and % Correct
R2-D2???
90.5%
Harry Potter???
89%
Superman???
87.4%
Captain Hook???
84.1%
Jake the dog???
83.1%
Katniss???
81%
Mr. Fantastic???
78.6%
Aslan???
78.1%
Gandalf the White???
75.3%
Jean Valjean???
74.8%
Type '1' for Friend and % Correct
Jean-Luc Picard???
74.7%
Mr. Krabs???
73.3%
The Doctor???
72.8%
Dora???
72.6%
Doug???
72.5%
Gaston???
67.8%
Aang???
60.9%
Eddard Stark???
59%
Winston Smith???
58.8%
Romeo???
55.8%

You're not logged in!

Compare scores with friends on all Sporcle quizzes.
Join for Free
OR
Log In

You Might Also Like...

Show Comments

Extras

Top Quizzes Today


Score Distribution

Your Account Isn't Verified!

In order to create a playlist on Sporcle, you need to verify the email address you used during registration. Go to your Sporcle Settings to finish the process.

Report this User

Report this user for behavior that violates our Community Guidelines.

Details: